Beatstar Deluxe Difficulties #3 - Statistics

General Stats
  • This quiz has been taken 11 times
  • The average score is 13 of 15
Answer Stats
Hint Extra Hint Answer % Correct
This Could Be Us Rae Sremmurd Hard
90%
Tusa Karol G, Nicki Minaj Hard
90%
Unholy Sam Smith, Kim Petras Hard
90%
Viva la Vida Coldplay Hard
90%
You Give Love a Bad Name Bon Jovi Hard
90%
Feel Good Inc. Gorillaz, De La Soul Hard
90%
Mr. Brightside The Killers Hard
90%
Poker Face Lady Gaga Hard
90%
love nwantiti (ah ah ah) CKay Hard
90%
Bad Guy Billie Eilish Hard
90%
Levels Avicii Extreme
80%
Unwritten Natasha Bedingfield Hard
80%
Bones Imagine Dragons Hard
80%
Time Is Running Out Muse Hard
80%
It's Tricky Run-D.M.C. Hard
60%
No matching quizzes found
Score Distribution
Percent of People with Each Score
Percentile by Number Answered
Your Score History
You have not taken this quiz